Familia: identidad y pertinencia
Αποθηκεύτηκε σε:
| Κύριος συγγραφέας: | |
|---|---|
| Μορφή: | Βιβλίο |
| Γλώσσα: | Ισπανικά |
| Έκδοση: |
Buenos Aires
Universidad del Salvador
2005
|
| Έκδοση: | 1a. ed |
| Θέματα: | |
| Ετικέτες: |
Προσθήκη ετικέτας
Δεν υπάρχουν, Καταχωρήστε ετικέτα πρώτοι!
|
MARC
| LEADER | 00000cam a2200000 a 4500 | ||
|---|---|---|---|
| 001 | UCD2868 | ||
| 003 | CL-VaPUC | ||
| 008 | 160512e20050700ag |||||||||||||||||spa|d | ||
| 020 | |a 9505921063 | ||
| 082 | 0 | 4 | |a 362.82 |b TEM |2 21 |
| 100 | 0 | |a Tempera de Devoto, Rita María |e author |9 586248 | |
| 245 | 1 | 0 | |a Familia: identidad y pertinencia |
| 250 | |a 1a. ed | ||
| 300 | |a 348 p | ||
| 942 | |c BK | ||
| 945 | |d 20160512 21:36:00 |a arojas | ||
| 260 | |a Buenos Aires |b Universidad del Salvador |c 2005 | ||
| 650 | 0 | |a Familias |9 255641 | |
| 650 | 7 | |a FAMILIA Y POLITICA |2 CL-VaPUC |9 430772 | |
| 583 | |a last modification |c 20160512 21:36:00 |k Rodrigo Vera | ||
| 999 | |c 363979 |d 363977 | ||
| 952 | |0 0 |1 0 |3 erb |4 0 |6 362_820000000000000_TEM_2005 |7 0 |8 A |9 476868 |a BIBGIM |b BIBGIM |i 5286921 |o 362.82 TEM 2005 |p 5286921 |r 2025-01-15 |w 2019-11-24 |y BK |z Catalogado en:20160512 |k SSL | ||